Návrh malého informačného systému na výmenu dát

Enregistré dans:
Détails bibliographiques
Auteur principal: Kunert, Branislav, 1975- (Auteur)
Autres auteurs: Iringová, Miriam, 1970- (Directeur de thèse)
Format: Manuscrit Livre
Langue:slovaque
Publié: 2015
Sujets:
Accès en ligne:http://is.stuba.sk/zp/portal_zp.pl?podrobnosti=110675
Tags: Ajouter un tag
Pas de tags, Soyez le premier à ajouter un tag!

MARC

LEADER 00000ntm a22000003a 4500
001 stuzp50942
003 SK-STU
005 20160719153718.6
007 ta
008 150427s2015----xo-----f-mn---000-0-slo-d
040 |a STU  |b slo 
041 0 |a slo 
100 1 |a Kunert, Branislav,  |d 1975-  |u 066000  |4 aut  |U MTF Materiálovotechnologická fakulta  |T MTF Ústav aplikovanej informatiky, automatizácie a mechatroniky  |X 32271  |U M6000  |Y 86  |7 A000032271 
242 0 1 |a The design of the small information system for data exchange  |y eng 
245 1 0 |a Návrh malého informačného systému na výmenu dát 
260 |c 2015 
650 4 |a Klient  |2 slo 
650 4 |a Server  |2 slo 
650 4 |a SQL  |2 slo 
650 4 |a HTML  |2 slo 
650 4 |a Client  |2 eng 
650 4 |a Server  |2 eng 
650 4 |a SQL  |2 eng 
650 4 |a HTML  |2 eng 
700 1 |a Iringová, Miriam,  |d 1970-  |4 ths  |X 1482  |7 A000001482 
856 4 |u http://is.stuba.sk/zp/portal_zp.pl?podrobnosti=110675 
996 |c M* DP-12440  |l MMSKP  |s P  |a 0  |w stuzp50942_0001 
SQL |a stuzp50942  |b DDP  |c SLO  |d Návrh malého informačného systému na výmenu dát  |e 32271  |f Kunert, Branislav  |g 066000  |h 1482  |i Iringová, Miriam  |j 20150603  |k 965  |l 06  |m http://is.stuba.sk/zp/portal_zp.pl?podrobnosti=110675  |n I-AIPP  |o 5.2.14. automatizácia